[Event "SRB-ch sf"]
[Site "Belgrade"]
[Date "2016.03.21"]
[Round "1"]
[White "Cvetkovic, Srdjan"]
[Black "Dobricanin, Milutin"]
[Result "1-0"]
[WhiteElo "2302"]
[BlackElo "1909"]
[PlyCount "69"]
[EventDate "2016.03.21"]
[EventType "swiss"]
[EventRounds "9"]
[EventCountry "SRB"]
[SourceTitle "CBM 171 Extra"]
[Source "ChessBase"]
[SourceDate "2016.04.26"]
[SourceVersion "1"]
[SourceVersionDate "2016.04.26"]
[SourceQuality "1"]

1. c4 c5 2. g3 Nf6 3. Nc3 Nc6 4. Bg2 g6 5. e3 Bg7 6. Nge2 0-0 7. 0-0 d6 8. b3 a6 9. Bb2 Rb8 10. d3 Bg4 11. Qd2 Qd7 12. Nd5 Bh3 13. Nxf6+ exf6 14. Bxh3 Qxh3 15. Nf4 Qh6 16. Nd5 f5 17. f4 f6 18. Qg2 Rbe8 19. Qf3 g5 20. Rae1 g4 21. Qg2 Qg6 22. a3 Qf7 23. b4 cxb4 24. axb4 a5 25. bxa5 Nxa5 26. Ba3 Re6 27. Rb1 Ra8 28. Rb6 Bf8 29. Bb2 Ra6 30. Rxa6 bxa6 31. Nxf6+ Rxf6 32. Bxf6 Nxc4 33. dxc4 Qxf6 34. Qd5+ Kg7 35. Qd4 1-0

[Event "Stari Banovci Vidovdan op"]
[Site "Stari Banovci"]
[Date "2015.06.22"]
[Round "5"]
[White "Bozic, Milan J"]
[Black "Dobricanin, Milutin"]
[Result "0-1"]
[WhiteElo "1825"]
[BlackElo "1959"]
[PlyCount "41"]
[EventDate "2015.06.20"]
[EventType "swiss"]
[EventRounds "9"]
[EventCountry "SRB"]
[SourceTitle "EXT 2019"]
[Source "ChessBase"]
[SourceDate "2018.10.10"]
[SourceVersion "1"]
[SourceVersionDate "2018.10.10"]
[SourceQuality "1"]

1. e4 c6 2. d4 d5 3. exd5 cxd5 4. c4 Nf6 5. Nc3 Nc6 6. c5 g6 7. Bb5 Bg7 8. Nf3 Bg4 9. 0-0 0-0 10. Bxc6 bxc6 11. h3 Bxf3 12. Qxf3 e5 13. dxe5 Nd7 14. Be3 Nxe5 15. Qe2 Nc4 16. Rfd1 Re8 17. Qxc4 dxc4 18. Rxd8 Rexd8 19. Rd1 Bxc3 20. Rxd8+ Rxd8 21. bxc3 0-1

[Event "Belgrade Trophy 27th"]
[Site "Obrenovac"]
[Date "2013.11.27"]
[Round "4"]
[White "Sorgic, Dragan"]
[Black "Dobricanin, Milutin"]
[Result "1-0"]
[WhiteElo "2274"]
[BlackElo "2032"]
[PlyCount "43"]
[EventDate "2013.11.24"]
[EventType "swiss"]
[EventRounds "9"]
[EventCountry "SRB"]
[SourceTitle "CBM 157 Extra"]
[Source "ChessBase"]
[SourceDate "2013.12.19"]
[SourceVersion "1"]
[SourceVersionDate "2013.12.19"]
[SourceQuality "1"]

1. e4 c6 2. d4 d5 3. exd5 cxd5 4. c4 Nf6 5. Nc3 Nc6 6. cxd5 Nxd5 7. Nf3 e6 8. Bd3 Be7 9. 0-0 a6 10. Re1 Ncb4 11. Be4 Nf6 12. Bb1 b6 13. Ne5 Bb7 14. Bg5 Nbd5 15. Qf3 Rb8 16. Qh3 Qd6 17. a4 Bc8 18. Qh4 Nxc3 19. bxc3 Nd5 20. c4 h6 21. Qh5 Bxg5 22. Nxf7 1-0

[Event "SRB-chT Cup"]
[Site "Kragujevac"]
[Date "2012.05.19"]
[Round "6"]
[White "Dobricanin, Milutin"]
[Black "Nedeljkovic, Dragan"]
[Result "0-1"]
[WhiteElo "2069"]
[BlackElo "2146"]
[PlyCount "86"]
[EventDate "2012.05.14"]
[EventType "team-swiss"]
[EventRounds "7"]
[EventCountry "SRB"]
[SourceTitle "CBM 148 Extra"]
[Source "ChessBase"]
[SourceDate "2012.06.22"]
[SourceVersion "1"]
[SourceVersionDate "2012.06.22"]
[SourceQuality "1"]
[WhiteTeam "Banovci Dunav"]
[BlackTeam "Belgrade PTT"]
[WhiteTeamCountry "SRB"]
[BlackTeamCountry "SRB"]

1. d4 Nf6 2. c4 c5 3. d5 b5 4. Nd2 Qa5 5. f3 g6 6. e4 d6 7. Kf2 b4 8. Bd3 Bg7 9. Ne2 0-0 10. h3 Qb6 11. g4 e6 12. Nf1 Nbd7 13. Be3 Ne5 14. Qc2 exd5 15. exd5 Nxd3+ 16. Qxd3 Nd7 17. Qd2 Ne5 18. Rc1 f5 19. g5 Qa6 20. b3 f4 21. Nxf4 Bf5 22. Ng3 Rf7 23. Kg2 Raf8 24. Rhf1 Bd7 25. Rf2 Qc8 26. Rh1 h5 27. Ne4 Qb8 28. Rhf1 Re8 29. Rd1 Nxf3 30. Rxf3 Rxe4 31. Rdf1 Bc3 32. Qf2 Qe8 33. Ne6 Bxe6 34. dxe6 Rxf3 35. Qxf3 Rxe6 36. Qd5 Kg7 37. Bf4 Qe7 38. Qf3 Bd4 39. Bg3 Re2+ 40. Kh1 Re3 41. Qf4 Qb7+ 42. Kh2 Re2+ 43. Rf2 Rxf2+ 0-1